ბათუმის შოთა რუსთაველის სახელმწიფო უნივერსიტეტის ბიბლიოთეკა

Interaction Design.Beyond human-computer interaction. (ბიბ.ჩანაწერი № 47052)

000 -LEADER
fixed length control field 00741nam a2200229Ia 4500
001 - CONTROL NUMBER
control field 13909
003 - CONTROL NUMBER IDENTIFIER
control field GE_BSU
005 - DATE AND TIME OF LATEST TRANSACTION
control field 20221124115244.0
008 - FIXED-LENGTH DATA ELEMENTS--GENERAL INFORMATION
fixed length control field 181216s2002||||enk|||||||||||||| ||eng||
020 ## - INTERNATIONAL STANDARD BOOK NUMBER
International Standard Book Number 0471492787x
040 ## - CATALOGING SOURCE
Transcribing agency GE_BSU
080 ## - UNIVERSAL DECIMAL CLASSIFICATION NUMBER
Universal Decimal Classification number 004.5 P-91
100 ## - MAIN ENTRY--PERSONAL NAME
Personal name Preece, Jennifer
9 (RLIN) 16034
245 ## - TITLE STATEMENT
Title Interaction Design.Beyond human-computer interaction.
Statement of responsibility, etc. Preece,Jennifer; Rogers,Yvonne; Sharp,Helen.
264 ## - PRODUCTION, PUBLICATION, DISTRIBUTION, MANUFACTURE, AND COPYRIGHT NOTICE
Name of producer, publisher, distributor, manufacturer John Wiley & sons,inc.
Date of production, publication, distribution, manufacture, or copyright notice 2002
300 ## - PHYSICAL DESCRIPTION
Extent 519 p.;
Other physical details 24 cm.
300 ## - PHYSICAL DESCRIPTION
Other physical details ill.
653 ## - INDEX TERM--UNCONTROLLED
keyword Interaction Design.Beyond human-computer interaction.
653 ## - INDEX TERM--UNCONTROLLED
keyword ინფორმატიკა
653 ## - INDEX TERM--UNCONTROLLED
keyword საინფორმაციო ტექნოლოგიები
942 ## - ADDED ENTRY ELEMENTS (KOHA)
Koha item type წიგნი
Source of classification or shelving scheme
ეგზემპლარები
Withdrawn status Lost status Source of classification or shelving scheme Damaged status Not for loan Permanent Location Current Location Shelving location Date acquired Full call number Barcode Date last seen Copy number Price effective from Koha item type
          ბათუმის შოთა რუსთაველის სახელმწიფო უნივერსიტეტის მთავარი ბიბლიოთეკა ბათუმის შოთა რუსთაველის სახელმწიფო უნივერსიტეტის მთავარი ბიბლიოთეკა წიგნსაცავი 2018-12-17 004.5 P-91 36807 2018-12-17 36807 2018-12-17 წიგნი